Neuroscience / (Record no. 272)

000 -LEADER
fixed length control field 02085cam a2200493 i 4500
001 - CONTROL NUMBER
control field 19739866
003 - CONTROL NUMBER IDENTIFIER
control field OSt
005 - DATE AND TIME OF LATEST TRANSACTION
control field 20241110184230.0
008 - FIXED-LENGTH DATA ELEMENTS--GENERAL INFORMATION
fixed length control field 170620s2018 paua 001 0 eng
010 ## - LIBRARY OF CONGRESS CONTROL NUMBER
LC control number 2017029418
020 ## - INTERNATIONAL STANDARD BOOK NUMBER
International Standard Book Number 9781496367891 (paperback)
035 ## - SYSTEM CONTROL NUMBER
System control number (DNLM)101707947
040 ## - CATALOGING SOURCE
Original cataloging agency DNLM/DLC
Transcribing agency DLC
Description conventions rda
Modifying agency DLC
042 ## - AUTHENTICATION CODE
Authentication code pcc
050 00 - LIBRARY OF CONGRESS CALL NUMBER
Classification number RC343.6
Item number .K74 2018
060 10 - NATIONAL LIBRARY OF MEDICINE CALL NUMBER
Classification number WL 18.2
080 ## - UNIVERSAL DECIMAL CLASSIFICATION NUMBER
Universal Decimal Classification number 616.8
Item number N-50
082 00 - DEWEY DECIMAL CLASSIFICATION NUMBER
Classification number 616.8
Edition number 23
100 1# - MAIN ENTRY--PERSONAL NAME
Personal name Krebs, Claudia,
Dates associated with a name 1974-
Relator term author.
245 10 - TITLE STATEMENT
Title Neuroscience /
250 ## - EDITION STATEMENT
Edition statement Second edition.
260 ## - PUBLICATION, DISTRIBUTION, ETC.
Place of publication, distribution, etc. Philadelphia :
Name of publisher, distributor, etc. Wolters Kluwer,
Date of publication, distribution, etc. [2018]
300 ## - PHYSICAL DESCRIPTION
Extent vii, 468 pages :
Other physical details color illustrations ;
Dimensions 28 cm.
336 ## - CONTENT TYPE
Content type term text
Source rdacontent
337 ## - MEDIA TYPE
Media type term unmediated
Source rdamedia
338 ## - CARRIER TYPE
Carrier type term volume
Source rdacarrier
365 ## - TRADE PRICE
Price amount 47 usd
490 1# - SERIES STATEMENT
Series statement Lippincott's illustrated reviews
500 ## - GENERAL NOTE
General note Includes index.
505 0# - FORMATTED CONTENTS NOTE
Formatted contents note Introduction to the nervous system and basic neurophysiology -- Overview of the central nervous system -- Overview of the peripheral nervous system -- Overview of the visceral nervous system -- The spinal cord -- Overview and organization of the brainstem -- Ascending sensory tracts -- Descending motor tracts -- Control of eye movements -- Sensory and motor innervation of the head and neck -- Hearing and balance -- Brainstem systems and review -- The cerebral cortex -- The thalamus -- The visual system -- The basal ganglia -- The cerebellum -- The integration of motor control.
650 12 - SUBJECT ADDED ENTRY--TOPICAL TERM
Topical term or geographic name entry element Nervous System Physiological Phenomena
650 10 - SUBJECT ADDED ENTRY--TOPICAL TERM
Topical term or geographic name entry element Neurology
9 (RLIN) 100
653 ## - INDEX TERM--UNCONTROLLED
Uncontrolled term ნერვული სისტემა
653 ## - INDEX TERM--UNCONTROLLED
Uncontrolled term ნევროლოგია
655 #2 - INDEX TERM--GENRE/FORM
Genre/form data or focus term Outlines
655 #2 - INDEX TERM--GENRE/FORM
Genre/form data or focus term Examination Questions
700 1# - ADDED ENTRY--PERSONAL NAME
Personal name Weinberg, Joanne,
Relator term author.
700 1# - ADDED ENTRY--PERSONAL NAME
Personal name Akesson, Elizabeth,
Relator term author.
700 1# - ADDED ENTRY--PERSONAL NAME
Personal name Dilli, Esma,
Relator term author.
830 #0 - SERIES ADDED ENTRY--UNIFORM TITLE
Uniform title Lippincott's illustrated reviews.
906 ## - LOCAL DATA ELEMENT F, LDF (RLIN)
a 7
b cbc
c orignew
d 1
e ecip
f 20
g y-gencatlg
942 ## - ADDED ENTRY ELEMENTS (KOHA)
Source of classification or shelving scheme
Koha item type Books
Edition 2
Holdings
Withdrawn status Lost status Source of classification or shelving scheme Damaged status Not for loan Permanent location Current location Date acquired Inventory number Total Checkouts Full call number Barcode Date last seen Price effective from Koha item type
          Ken Walker International University Ken Walker International University 11/18/2020 28   616.8 M-50 28 11/18/2020 11/18/2020 Books
          Ken Walker International University Ken Walker International University 11/18/2020 1110   616.8 M-50 1110 11/18/2020 11/18/2020 Books
          Ken Walker International University Ken Walker International University 11/18/2020 1111   616.8 M-50 1111 11/18/2020 11/18/2020 Books

Powered by Koha